| 000 | 00453nam a22001697a 4500 | ||
|---|---|---|---|
| 003 | NUST - PNEC | ||
| 005 | 20170116181057.0 | ||
| 008 | 151001b xxu||||| |||| 00| 0 eng d | ||
| 020 | _a0600341801 | ||
| 040 | _cLIBRARY | ||
| 082 | _a923.5 MAY | ||
| 100 |
_912125 _a Mayer, S. L |
||
| 245 |
_aThe biography of General of the Army, Douglas MacArthur _c Mayer, S. L |
||
| 260 | _cc.1981 | ||
| 650 |
_912123 _bBiography _xGeneral books |
||
| 942 |
_2ddc _cBK |
||
| 999 |
_c68599 _d68599 |
||